000 01135nam a22002177a 4500
003 OSt
005 20170921144728.0
008 150407b xxu||||| |||| 00| 0 eng d
040 _cCRI
082 _a650.1
100 _941897
_aTorres Torres, María Inés
245 1 0 _aClima laboral en el área de atención al personal docente por parte de los directores escolares de los municipios de San Rafael Cedros y el Carmen, Departamento de Cuscatlan
_b: Proyecto
_cMaría Inés Torres Torres, Rosmery Guadalupe Gómez Chopin, Claudia María Romero Villacorta
260 _aIlobasco (Cabañas)
_bUniversidad Católica de El Salvador
_c2016
300 _a43 p.
_c28 cm
_e+ 1 disco compacto
502 _aTrabajo de graduación para optar al grado académico de Licenciada en Ciencias de la Educación con Especialidad en Dirección y Administración Escolar.
650 0 _95707
_aOrganización del trabajo
700 _941898
_aGómez Chopin, Rosmery Guadalupe
700 _941899
_aRomero Villacorta, Claudia María
710 _940915
_aUniversidad Católica de El Salvador
_bCentro Regional de Ilobasco
942 _2ddc
_cTG
_hprozim
999 _c28434
_d28434